00467nam a2200157Ia 4500003000900000008004100009040001600050080001300066245011100079260004200190300001600232650001000248650001900258650001100277700002100288IN-BaIIA211028s9999 xx 000 0 eng d cIIA Library a796bARL 4aThe oxford companion to sports and gamescedited by John Arlott  aLondonbOxford University Pressc1976 avii, 1010p. aGames aNASA Thesaurus aSports aArlott, John. ed